| 000 | 00504nam a2200145 a 4500 | ||
|---|---|---|---|
| 001 | 000036730 | ||
| 005 | 20200930075912.0 | ||
| 008 | 120126s1997 sz c 000 0 spa d | ||
| 040 |
_aDO-SdBNP _bspa _cBNPHU |
||
| 082 |
_axxxx _bV121v |
||
| 245 | 0 | 0 |
_aVacunas e inmunización : _bsituación mundial. |
| 260 |
_aGinebra : _bOrganización Mundial de la Salud : _bFondo de las Naciones Unidas para la Infancia, _cSheila Davey _c1997. |
||
| 300 |
_a173 p. : _bils., retr. ; _c25 cm. |
||
| 700 | 1 |
_aDavey, Sheila _963041 |
|
| 999 |
_c36221 _d36221 |
||